Notre engagement dans l’histoire contemporaine et nos raisons (notice n° 2048408)

détails MARC
000 -LEADER
fixed length control field 01202cam a2200181 4500500
005 - DATE AND TIME OF LATEST TRANSACTION
control field 20260405001518.0
041 ## - LANGUAGE CODE
Language code of text/sound track or separate title fre
042 ## - AUTHENTICATION CODE
Authentication code dc
100 10 - MAIN ENTRY--PERSONAL NAME
Personal name Bello, Walden
Relator term author
245 00 - TITLE STATEMENT
Title Notre engagement dans l’histoire contemporaine et nos raisons
260 ## - PUBLICATION, DISTRIBUTION, ETC.
Date of publication, distribution, etc. 2005.<br/>
500 ## - GENERAL NOTE
General note 20
520 ## - SUMMARY, ETC.
Summary, etc. The first part of the article gives a thumbnail picture of today’s world, dominated by big financial and trade institutions and by the wealthy elite of the world. US President George W. Bush is at the helm of global policies which victimize nature and people, especially the poor. The second part says that a follower of Jesus cannot rest content with a purely personalistic, private, a-historical spirituality. Salvation or the Kingdom of God means a new world, experiencing a new history. The disciple is mandated to engage in contributing to create alternatives to the unjust and inhumane world of corporate globalization.
700 10 - ADDED ENTRY--PERSONAL NAME
Personal name Abesamis, Carlos H.
Relator term author
700 10 - ADDED ENTRY--PERSONAL NAME
Personal name Sandor, Monica
Relator term author
786 0# - DATA SOURCE ENTRY
Note Lumen Vitae | Volume LX | 1 | 2005-01-01 | p. 35-51 | 0024-7324
856 41 - ELECTRONIC LOCATION AND ACCESS
Uniform Resource Identifier <a href="https://shs.cairn.info/revue-lumen-vitae-2005-1-page-35?lang=fr&redirect-ssocas=7080">https://shs.cairn.info/revue-lumen-vitae-2005-1-page-35?lang=fr&redirect-ssocas=7080</a>

Pas d'exemplaire disponible.

PLUDOC

PLUDOC est la plateforme unique et centralisée de gestion des bibliothèques physiques et numériques de Guinée administré par le CEDUST. Elle est la plus grande base de données de ressources documentaires pour les Étudiants, Enseignants chercheurs et Chercheurs de Guinée.

Adresse

627 919 101/664 919 101

25 boulevard du commerce
Kaloum, Conakry, Guinée

Réseaux sociaux

Powered by Netsen Group @ 2025